书目信息 |
| 题名: |
涡流分析
|
|
| 作者: | Stooll , 斯托尔 著 ;史乃 译 | |
| 分册: | ||
| 出版信息: | 哈尔滨 黑龙江科学技术出版社 1983 |
|
| 页数: | 183页 | |
| 开本: | 19cm | |
| 丛书名: | ||
| 单 册: | ||
| 中图分类: | TM154.2 | |
| 科图分类: | ||
| 主题词: | 导电体-交变电磁场-涡旋流动--计算 , 涡旋流动-导电体-交变电磁场--计算 , 交变电磁场-导电体-涡旋流动--计算 | |
| 电子资源: | ||
| ISBN: | ||
| 000 | 00903nam0 2200301 45 | |
| 001 | 0183000268 | |
| 005 | 20060726092949.39 | |
| 010 | @dCNY0.86 | |
| 091 | @a15217.001 | |
| 100 | @a19950720d1983 emky0chiy0121 ea | |
| 101 | 1 | @achi@ceng |
| 102 | @aCN@b230000 | |
| 105 | @ay z 000yy | |
| 200 | 10 | @a涡流分析@Awo liu fen xi@f(英)斯托尔(R.L.Stooll)著@g史乃译 |
| 210 | @a哈尔滨@c黑龙江科学技术出版社@d1983 | |
| 215 | @a183页@d19cm | |
| 300 | @a书名原文:Thd analysis of eddy currents. | |
| 510 | 1 | @aThe analysis of eddy currents.@zeng |
| 606 | @a导电体-交变电磁场-涡旋流动@x计算 | |
| 606 | @a涡旋流动-导电体-交变电磁场@x计算 | |
| 606 | @a交变电磁场-导电体-涡旋流动@x计算 | |
| 690 | @aTM154.2@v3 | |
| 701 | A1 | @aStooll@bR.L.@4著 |
| 701 | 1 | @a斯托尔@Asi tuo er@bR.L.@4著 |
| 702 | 0 | @a史乃@Ashi nai@4译 |
| 801 | 2 | @aCN@bNLC@c20060726 |
| 801 | 0 | @aCN@bTSSF |
| 905 | @a10447@dTM154.2@e3 | |
| 涡流分析/(英)斯托尔(R.L.Stooll)著/史乃译.-哈尔滨:黑龙江科学技术出版社,1983 |
| 183页;19cm |
| 书名原文:Thd analysis of eddy currents. |
| ISBN :CNY0.86 |
| ● |
| 相关链接 |
|
|
|
|
正题名:涡流分析
索取号:TM154.2/3
 
预约/预借
| 序号 | 登录号 | 条形码 | 馆藏地/架位号 | 状态 | 备注 |
| 1 | 0438560 | 204385600 | 密集书库/ [索取号:TM154.2/3] | 在馆 | |
| 2 | 0438561 | 204385619 | 密集书库/ [索取号:TM154.2/3] | 在馆 | |
| 3 | 0438585 | 204385851 | 密集书库/ [索取号:TM154.2/3] | 在馆 |